• 首页
  • 本馆介绍
  • 公告通知
  • 最新文献
  • 馆藏检索
  • 电子资源
  • 读者导购
  • 参考咨询
  • 我的图书馆
  • 登录
  • 详细信息显示
  • 放入我的书架
  • 预约/预借图书
  • 作者相关作品
  • 分类相关作品
  • 丛书相关作品
  • 出版社相关作品

书目信息

  • 表格格式
  • 工作单格式
  • 卡片格式
题名:
DK跑步全书
    
 
作者: ;汤璐 译 ;英国DK出版社 编著
分册:  
出版信息: 北京   北京科学技术出版社  2019.7
页数: 192页
开本: 24cm
丛书名:
单 册:
中图分类: G822.8
科图分类:
主题词: 马拉松跑--指南
电子资源:
ISBN: 978-7-5304-8299-5
000 01069nam0 2200289 45
001 012001001184
005 20130910164228.0
010    @a978-7-5304-8299-5@dCNY58.00
099    @aCAL 012016115615
100    @a20161010d2016 em y0chiy0110 ea
101 1  @achi@ceng
102    @aCN@b110000
105    @aak z 001yy
106    @ar
200 1  @aDK跑步全书@ADKpao bu quan shu@e跑步与马拉松完全指南@f英国DK出版社编著@g汤璐译
210    @a北京@c北京科学技术出版社@d2019.7
215    @a192页@c彩图@d24cm
300    @a其他题名:跑步与马拉松完全指南
320    @a有索引
330    @a本书首先介绍了基本的肌肉和生物力学常识, 帮助人们了解如何利用它们提高自己的跑步效能。随后的章节囊括了起跑前的准备、训练的开始和提升, 以及巅峰状态的获得等内容。同时, 本书也给出了竞技方面的建议和意见, 其中包括赛后恢复的相关知识等。
517 1  @a跑步与马拉松完全指南
606 0  @a马拉松跑@j指南
690    @aG822.8@v5
702  0 @a汤璐@Atang lu@4译
711 02 @a英国DK出版社@Aying guo DKchu ban she@4编著
801    @aCN@b江苏凤凰@c20211018
905    @b1342515-8@dG822.8@e190@f4
    
    DK跑步全书:跑步与马拉松完全指南/英国DK出版社编著/汤璐译.-北京:北京科学技术出版社,2019.7
    192页:彩图;24cm
    其他题名:跑步与马拉松完全指南
    
    ISBN 978-7-5304-8299-5:CNY58.00
    本书首先介绍了基本的肌肉和生物力学常识, 帮助人们了解如何利用它们提高自己的跑步效能。随后的章节囊括了起跑前的准备、训练的开始和提升, 以及巅峰状态的获得等内容。同时, 本书也给出了竞技方面的建议和意见, 其中包括赛后恢复的相关知识等。
●
相关链接 在E读中查询图书 在五车中查询图书 在当当中查询图书 在豆瓣中查询图书


正题名:DK跑步全书     索取号:G822.8/190         预约/预借

序号 登录号 条形码 馆藏地/架位号 状态 备注
1 1342515   213425159   第一样本阅览室/ [索取号:G822.8/190] 在馆    
2 1342516   213425168   第四借阅区/ [索取号:G822.8/190] 在馆    
3 1342517   213425177   第四借阅区/ [索取号:G822.8/190] 在馆    
4 1342518   213425186   第四借阅区/ [索取号:G822.8/190] 在馆    
唐山师范学院图书馆 欢迎您!
大连网信软件有限公司© 版权所有